Alphabetically Second Quiz Stats

Quiz Updated Aug 19, 2016

Also try: Alphabetical 1-100
Challenge
Share
Tweet
Embed
Score 0/20 Timer 07:00
0 Plays Today
Category Answer % Correct
MonthsAugust
97.7%
Colors of the RainbowGreen
94.1%
Chess Pieces King
80.3%
US StatesAlaska
76.1%
OceansAtlantic
76%
Santa's Reindeer Comet
75.1%
Teenage Mutant Ninja TurtlesLeonardo
62.9%
Zodiac SignsAries
61.8%
CountriesAlbania
53.7%
ElementsAluminum
45.8%
Category Answer % Correct
Sporcle CategoriesGaming
43.8%
Official UN LanguagesChinese
39.8%
Pixar MoviesA Bug's Life
38.5%
US CapitalsAnnapolis
31.9%
NBA Team NamesBucks
24.6%
Olympic Host CitiesAmsterdam
24.5%
Premier League ClubsBournemouth
23.2%
Bible BooksAmos
22.8%
Shakespeare PlaysAntony and Cleopatra
19.9%
World CapitalsAbuja
17.1%

You're not logged in!

Compare scores with friends on all Sporcle quizzes.
Sign Up with Email
OR
Log In

You Might Also Like...

Show Comments

Extras

Top Quizzes Today


Score Distribution

Your Account Isn't Verified!

In order to create a playlist on Sporcle, you need to verify the email address you used during registration. Go to your Sporcle Settings to finish the process.